Statistics for Ligue 1 2019-2020 Top scorers

Click here to take the quiz!

General Stats

  • This quiz has been taken 3 times
  • The average score is 8 of 11

Answer Stats

GoalsNationalityClubPlayer% Correct
11DenmarkNiceKasper Dolberg
100%
18FranceParis Saint-GermainKylian Mbappé
100%
13BrazilParis Saint-GermainNeymar
100%
13NigeriaLilleVictor Osimhen
100%
18FranceMonacoWissam Ben Yedder
100%
12SenegalMetzHabib Diallo
67%
12ArgentinaParis Saint-GermainMauro Icardi
67%
16FranceLyonMoussa Dembélé
67%
11ArgentinaMarseilleDarío Benedetto
33%
10GabonSaint-ÉtienneDenis Bouanga
33%
10SenegalRennesM'Baye Niang
33%

Score Distribution

Percentile by Number Answered

Percent of People with Each Score

Your Score History

You have not taken this quiz